000 00828nam a2200289 i 4500
001 000013150
003 DO-SdBNP
005 20240530073916.0
007 ta
008 091120s1994 dr 001 f spa d
020 _z8484000656
040 _aDO-SdBNP
_bspa
_cBNPHU
_erda
082 4 _aRD863.44
_bV145l, 1994
_222
100 1 _aValdez, Diógenes,
_d1941-
_920511
245 1 0 _aLucinda Palmares /
_cDiógenes Valdez.
250 _a3a ed.
264 _aSanto Domingo :
_bTaller,
_c1994.
300 _a180 páginas
_c21 cm.
336 _2rdacontent
_atexto
_btxt
337 _2rdamedia
_asin mediación
_bn
338 _2rdacarrier
_avolumen
_bnc
490 0 _aBiblioteca taller
_v120
590 _aInventariado, 2023 /LP
650 0 _aNovela dominicana
_9223
650 0 _aLiteratura dominicana.
_967
942 _2ddc
_cLBS1
999 _c12789
_d12789